00452 2200157 4500245009000000020002200090250001100112100001800123650003400141005001900175260003900194041001400233084001100247300002700258336000900285 aBerdamai Dengan Diri Sendiri b : Seni Menerima Diri Apa AdanyacMutia SayektihText a978-602-6595-97-3 aCet. 2 aMutia Sayekti aSeni Menerima Diri Apa Adanya a20240903130058 aYogyakartabPsikologi Cornerc2022 aIndonesia a155.25 axv, 216 hlm. :c19,5cm atext